00409nam a2200181Ia 4500003000400000005001700004008004100021020001400062040000700076041000800083082001500091100001500106245003500121250000600156260003600162300001600198365001300214OSt20260221095659.0210423s2010 xx 000 0 und d a393090833 cAL aeng a813.4 TWAM aMark Twain aAdventures of Huckleberry Finn a3 aNew YorkbW W Norton & Coc2010 axi,398pbPB b295cINR